000
00266nam a2200109Ia 4500
008
200302s9999 xx 000 0 und d
100
_a
D.N. Chaudhuri
245
_a
Delhi Light, Shades, Shadows
260
_b
Niyogi Books Published
260
_c
2012
300
_a
210 P.,
999
_c
4083
_d
4083